| 000 | 01155cam a2200397 4500 | ||
|---|---|---|---|
| 008 | 000000n2001 000 0 eng u | ||
| 020 | _a041923280X | ||
| 035 | _a(Sirsi) u108467 | ||
| 050 | _a344.4094 | ||
| 100 |
_aPickard, Robert _xeditor |
||
| 245 | _aPolicy and law in heritage conservation. | ||
| 260 |
_aLondon _bE & F N Spon _c2001 |
||
| 300 | _a348p. ; 25cm. | ||
| 350 | _a35.00 | ||
| 520 | _aDeveloped in association with the Cultural Heritage Department of the Council of Europe, this book examines key themes and objectives for the protection of the architectural and archaeological heritage in a range of European countries. | ||
| 650 | _aBUILDING CONSERVATION | ||
| 650 | _aLISTED BUILDINGS | ||
| 650 | _aNATIONAL HERITAGE | ||
| 650 | _aEUROPE | ||
| 650 | _aBELGIUM | ||
| 650 | _aCZECH REPUBLIC | ||
| 650 | _aDENMARK | ||
| 650 | _aFRANCE | ||
| 650 | _aGEORGIA | ||
| 650 | _aGERMANY | ||
| 650 | _aIRELAND | ||
| 650 | _aITALY | ||
| 650 | _aLATVIA | ||
| 650 | _aMALTA | ||
| 650 | _aNETHERLANDS | ||
| 650 | _aSPAIN | ||
| 650 | _aUNITED KINGDOM | ||
| 650 | _aPRESERVATION | ||
| 690 | _aLAW | ||
| 942 | _n0 | ||
| 999 |
_c100798 _d100798 |
||